01603nam a2200193Ia 4500008004100000020001500041050001700056100002300073245016000096260004800256300001800304500014100322504003000463505076400493650004901257650003301306700003101339700003901370120626s2000 mx 000 0 s d a9706860274 aTS156bK4518 aKenett, Roneautor aEstadística industrial modernab : diseño y control de la calidad y la confiabilidadc / Ron Kenett, Shelemyahu Zacks; Traductor Virgilio Gonzalez Pozo aMéxicob : International Thomsonc , 2000 a821 páginas aIncluye: Contenido abreviado palabras preliminares Prefacio Tabla de contenido Apéndice (I-X) Índice de autores Índice de materias aReferencias (pp. 542-546) aPrincipios del razonamiento y análisis estadístico El papel de los métodos estadísticos en la industria moderna. Qué es la variabilidad. Variabilidad en diversas dimensiones. Modelos básicos de probabilidad y funciones de distribución. muestreo para estimar las cantidades en poblaciones finitas. Inferencia estadística paramétrica. Inferencia libre de distribución. Regresión lineal múltiple y análisis de varianza. Métodos de estadística industrial. Planes de muestreo para inspección de producto. Métodos y principios básicos del control estadístico de proceso. Métodos avanzados de control estadístico de proceso. Diseño y análisis clásico de experimentos. Calidad por diseño. Análisis de confiabilidad. aCONTROL DE CALIDADxMÉTODOS ESTADÍSTICOS aCONFIABILIDAD xINGENIERÍA aZacks, Shelemyahuecoautor aGonzalez Pozo, Virgilioetraductor